बड़े अनमोल गीतों के बोल / (Record no. 169402)
[ view plain ]
| 000 -LEADER | |
|---|---|
| fixed length control field | 01164nam a22002417a 4500 |
| 005 - DATE AND TIME OF LATEST TRANSACTION | |
| control field | 20191119105919.0 |
| 010 ## - LCCN (DPL NO) | |
| LC control number | B-730927 |
| 020 ## - INTERNATIONAL STANDARD BOOK NUMBER | |
| Terms of availability | 450.00 |
| International Standard Book Number | 9789380234588 |
| 035 ## - SYSTEM CONTROL NUMBER | |
| System control number | B-730927 |
| 037 ## - SOURCE OF ACQUISITION | |
| Source of stock number/acquisition | डी.बी.ए.डी./ उपहार |
| 082 ## - DEWEY DECIMAL CLASSIFICATION NUMBER | |
| Classification number | 821.08 |
| 100 ## - MAIN ENTRY--PERSONAL NAME | |
| Personal name | देवधर, सुनील केशव |
| 245 ## - TITLE STATEMENT | |
| Title | बड़े अनमोल गीतों के बोल / |
| Statement of responsibility, etc | सुनील केशव देवधर |
| 260 ## - PUBLICATION, DISTRIBUTION, ETC. (IMPRINT) | |
| Name of publisher, distributor, etc | बुकमार्ग पब्लिकेशन्स |
| Date of publication, distribution, etc | 2017 |
| Place of publication, distribution, etc | पुणे |
| 270 ## - ADDRESS | |
| Address | वर्षा पराग पिपले, 16, सर्वदर्शन, नल स्टॉप, कर्बे रोड |
| City | पुणे, महाराष्ट्र |
| Postal code | 411004 |
| 300 1# - PHYSICAL DESCRIPTION | |
| Extent | 222पृ. |
| Dimensions | 24सेमी (सजिल्द) |
| Other physical details | सचित्र |
| 650 ## - SUBJECT ADDED ENTRY--TOPICAL TERM | |
| Topical term or geographic name as entry element | Hindi Novel |
| 650 ## - SUBJECT ADDED ENTRY--TOPICAL TERM | |
| Topical term or geographic name as entry element | हिन्दी कथा साहित्य |
| 700 ## - ADDED ENTRY--PERSONAL NAME | |
| 9 (RLIN) | 27483 |
| 700 ## - ADDED ENTRY--PERSONAL NAME | |
| 9 (RLIN) | 54344 |
| 942 ## - ADDED ENTRY ELEMENTS (KOHA) | |
| Institution code [OBSOLETE] | dpl |
| Item type | Hindi Books |
| Source of classification or shelving scheme | Dewey Decimal Classification |
| Call number suffix | देवध |
| Classification part | 821.08 |
| Withdrawn status | Lost status | Not for loan | Collection code | Home library | Current library | Date acquired | Source of acquisition | Cost, normal purchase price | Full call number | Barcode | Copy number | Cost, replacement price | Koha item type | Public note |
|---|---|---|---|---|---|---|---|---|---|---|---|---|---|---|
| Non-fiction | Central Library | Central Library | 19/11/2019 | उपहार/13.11.19 | 450.00 | 821.08 देवध | B-730927 | 1 | 450.00 | Hindi Books | उपहार |
